000 00460nam a22001577a 4500
008 220715b |||||||| |||| 00| 0 eng d
020 _a0310514923
050 _aBR100
_b.N37 1999
100 _aNash, Ronald H.
245 _aLife's Ultimate Questions:
_ban Introduction to Philosophy
_cRonald H. Nash
260 _aMichigan
_bZondervan
_c1999
300 _a400p.
650 _aChristianity
_vphilosophy
650 _aphilosophy introductions
942 _2lcc
_cBK
999 _c19391
_d19390